000 00581nam a2200217Ia 4500
001 15578
003 GE_BSU
008 181216s||||||||xx |||||||||||||| ||und||
040 _cGE_BSU
100 _aჩხეიძე,ოთარ
245 _aჯებირი
245 _bრომანი
260 _aთბილისი
260 _bსახელგამი
260 _c1956
300 _a238გვ.22სმ.
520 _aუკანა გვერდი აკლია
653 _aრომანი
653 _aჯებირი
942 _cBK
999 _c48678
_d48678